Guess The Poorly Drawn Flags #1 - Statistics

General Stats
  • This quiz has been taken 192 times
  • The average score is 9 of 10
Answer Stats
Picture Answer % Correct
Brazil
99%
France
99%
UK
99%
Germany
98%
Ukraine
97%
USA
97%
Argentina
96%
Portugal
90%
Vatican City
79%
Benin
63%
No matching quizzes found
Score Distribution
Percent of People with Each Score
Percentile by Number Answered
Your Score History
You have not taken this quiz